| 000 | 00509nam a22001337a 4500 | ||
|---|---|---|---|
| 005 | 20241007091551.0 | ||
| 008 | 241007b |||||||| |||| 00| 0 eng d | ||
| 100 |
_aAngara, Rommel N. _eauthor. _962370 |
||
| 245 |
_aWho got 'hugot,' 'tol? : _bpagkilala sa malikhaing pananalitang cool / _cRommel N. Angara. |
||
| 260 |
_aPhilippines: _bPublishers Association of the Philippines, Inc., _cFebruary 2019. |
||
| 300 | _aVolume 66, pages 355-357. | ||
| 700 |
_aAngara, Rommel N. _eauthor. _962371 |
||
| 942 |
_2ddc _cPER |
||
| 999 |
_c22263 _d22263 |
||